Представление документа в формате MARC21

ПолеНазваниеЗначение
  Тип записи a
  Библиографический уровень m
001 Контрольный номер RU/URAIT/585418
005 Дата корректировки 20260429163607.1
008 Кодируемые данные 260429s2026 RU y f j 000 0 rus u
020 Индекс ISBN __
a ISBN 978-5-534-01761-8
c Цена, тираж 1719.00
040 Источник каталогиз. __
a Служба первич. каталог. ИКО Юрайт
c Служба, преобразующая запись ИКО Юрайт
e Правила каталог. RCR
041 Код языка издания __
a Код языка текста rus
044 Код страны публикации __
a Код страны публикации RU
080 Индекс УДК __
a Индекс УДК 539.3(075.8)
084 Индекс другой классификации/Индекс ББК __
2 Источник индекса rubbk
a Индекс другой классификации/Индекс ББК 30.121я73
100 Автор __
a Автор Макаров Е. Г.
q Полное имя Макаров Евгений Георгиевич
245 Заглавие __
a Заглавие Сопротивление материалов с использованием вычислительных комплексов
b Продолж. заглавия учебник для вузов
c Ответственность Е. Г. Макаров.
250 Сведения об издании __
g испр. и доп
a Основные сведения об издании 2-е изд.
256 Характеристики компьютерного файла __
a Характеристики компьютерного файла Электрон. дан.
260 Выходные данные __
a Место издания Москва
b Издательство Юрайт
c Дата издания 2026
300 Физическое описание __
a Объем 413 с
440 Серия __
a Серия Высшее образование
500 Примечания __
a Примечание URL: https://urait.ru/bcode/585418 (дата обращения: 29.04.2026).
520 Аннотация __
a Аннотация Учебное пособие посвящено традиционному курсу сопротивления материалов. В нем рассмотрены вопросы учета пластических деформаций, характер разрушения материалов (хрупкий или вязкий), С точки зрения практических расчетов рассмотрены вопросы усталости материалов и механики разрушения тел с трещинами. Особое внимание уделено вопросам рационального и оптимального проектирования конструкций. Учебное пособие ориентировано на использование компьютерных технологий в прочностных расчетах конструкций.
538 Прим. о системных особенностях __
a Прим. о системных особенностях Режим доступа: Электронно-библиотечная система Юрайт, для авториз. пользователей
653 Ключевые слова __
a Ключевые слова Материаловедение
653 Ключевые слова __
a Ключевые слова Технические науки
653 Ключевые слова __
a Ключевые слова Сопротивление материалов
653 Ключевые слова __
a Ключевые слова Теоретическая механика и сопротивление материалов
653 Ключевые слова __
a Ключевые слова Сопротивление материалов, детали машин и основы конструирования
653 Ключевые слова __
a Ключевые слова Механика (сопромат)
653 Ключевые слова __
a Ключевые слова Сопротивление материалов. Основы теории упругости и пластичности
653 Ключевые слова __
a Ключевые слова Сопротивление материалов в авиастроении
653 Ключевые слова __
a Ключевые слова Сопротивление материалов и теория прочности
653 Ключевые слова __
a Ключевые слова Теория машин и механизмов, сопротивление материалов
653 Ключевые слова __
a Ключевые слова Сопротивление материалов и конструкций
653 Ключевые слова __
a Ключевые слова Механика. Сопротивление материалов
653 Ключевые слова __
a Ключевые слова Сопромат
653 Ключевые слова __
a Ключевые слова Основы материаловедения. Сопротивление материалов
653 Ключевые слова __
a Ключевые слова Сопротивление материалов (прикладная механика)
653 Ключевые слова __
a Ключевые слова Электронные системы автомобилей
653 Ключевые слова __
a Ключевые слова Прикладная механика: сопротивление материалов
653 Ключевые слова __
a Ключевые слова Сопротивление материалов с основами строительной механики
653 Ключевые слова __
a Ключевые слова Сопротивление материалов и строительная механика
653 Ключевые слова __
a Ключевые слова Сопротивление материалов и теория упругости
653 Ключевые слова __
a Ключевые слова Прикладная механика (Сопротивление материалов. Теория упругости с основами теории пластичности и ползучести)
653 Ключевые слова __
a Ключевые слова Сопротивление материалов с основами теории упругости
653 Ключевые слова __
a Ключевые слова Сопротивление материалов. Материаловедение
653 Ключевые слова __
a Ключевые слова Сопротивление материалов. Теория упругости
653 Ключевые слова __
a Ключевые слова Техническая механика. Сопротивление материалов
653 Ключевые слова __
a Ключевые слова Электронные системы автомобиля
856 Электронный адрес документа 40
n Местонахождение сервера Юрайт
g Электронная книга
q Тип электронного формата html
h Имя пользователя ЮРАЙТ
v Часы доступа к ресурсу 20271231
2 Способ доступа Показать документ
x Служебное примечание https://urait.ru/book/cover/23A8FB53-4FB4-4C98-8160-3887029CE858
u URL https://urait.ru/bcode/585418
856 Электронный адрес документа 48
q Тип электронного формата cover
u URL https://urait.ru/book/cover/23A8FB53-4FB4-4C98-8160-3887029CE858
911 __
u 0030=https://urait.ru/bcode/585418
911 __
u 073a=9785534017618
u 073d=1719.00
911 __
u 106a=s
911 __
u 900l=
952 Тип литературы __
i Дисциплина Сопротивление материалов
952 Тип литературы __
i Дисциплина Теоретическая механика и сопротивление материалов
952 Тип литературы __
i Дисциплина Сопротивление материалов, детали машин и основы конструирования
952 Тип литературы __
i Дисциплина Механика (сопромат)
952 Тип литературы __
i Дисциплина Сопротивление материалов. Основы теории упругости и пластичности
952 Тип литературы __
i Дисциплина Сопротивление материалов в авиастроении
952 Тип литературы __
i Дисциплина Сопротивление материалов и теория прочности
952 Тип литературы __
i Дисциплина Теория машин и механизмов, сопротивление материалов
952 Тип литературы __
i Дисциплина Сопротивление материалов и конструкций
952 Тип литературы __
i Дисциплина Механика. Сопротивление материалов
952 Тип литературы __
i Дисциплина Сопромат
952 Тип литературы __
i Дисциплина Основы материаловедения. Сопротивление материалов
952 Тип литературы __
i Дисциплина Сопротивление материалов (прикладная механика)
952 Тип литературы __
i Дисциплина Электронные системы автомобилей
952 Тип литературы __
i Дисциплина Прикладная механика: сопротивление материалов
952 Тип литературы __
i Дисциплина Сопротивление материалов с основами строительной механики
952 Тип литературы __
i Дисциплина Сопротивление материалов и строительная механика
952 Тип литературы __
i Дисциплина Сопротивление материалов и теория упругости
952 Тип литературы __
i Дисциплина Прикладная механика (Сопротивление материалов. Теория упругости с основами теории пластичности и ползучести)
952 Тип литературы __
i Дисциплина Сопротивление материалов с основами теории упругости
952 Тип литературы __
i Дисциплина Сопротивление материалов. Материаловедение
952 Тип литературы __
i Дисциплина Сопротивление материалов. Теория упругости
952 Тип литературы __
i Дисциплина Техническая механика. Сопротивление материалов
952 Тип литературы __
i Дисциплина Электронные системы автомобиля